Locked in the past: an historical analysis of the legal framework of custody for children in Northern Ireland

Saved in:  
Bibliographic Details
Main Author: Convery, Una (Author)
Format: Print Article
Language:English
Published: 2014
In: European journal of criminology
Year: 2014, Volume: 11, Issue: 2, Pages: [251]-269
Check availability: HBZ Gateway
Keywords:

MARC

LEADER 00000caa a2200000 c 4500
001 1636913814
003 DE-627
005 20220608113737.0
007 tu
008 140319s2014 xx ||||| 00| ||eng c
035 |a (DE-627)1636913814 
035 |a (DE-576)402880471 
035 |a (DE-599)BSZ402880471 
040 |a DE-627  |b ger  |c DE-627  |e rakwb 
041 |a eng 
100 1 |a Convery, Una  |4 aut 
245 1 0 |a Locked in the past  |b an historical analysis of the legal framework of custody for children in Northern Ireland  |c Una Convery 
264 1 |c 2014 
336 |a Text  |b txt  |2 rdacontent 
337 |a ohne Hilfsmittel zu benutzen  |b n  |2 rdamedia 
338 |a Band  |b nc  |2 rdacarrier 
773 0 8 |i In  |t European journal of criminology  |d London [u.a.] : Sage, 2004  |g 11(2014), 2, Seite [251]-269  |w (DE-627)378572970  |w (DE-600)2134760-8  |w (DE-576)109717155  |x 1477-3708  |7 nnas 
773 1 8 |g volume:11  |g year:2014  |g number:2  |g pages:[251]-269 
951 |a AR 
ELC |b 1 
LOK |0 000 xxxxxcx a22 zn 4500 
LOK |0 001 3294748493 
LOK |0 003 DE-627 
LOK |0 004 1636913814 
LOK |0 005 20250411101914 
LOK |0 008 140319||||||||||||||||ger||||||| 
LOK |0 040   |a DE-21-110  |c DE-627  |d DE-21-110 
LOK |0 689   |a s  |a Heimerziehung 
LOK |0 689   |a s  |a Geschlossene Unterbringung 
LOK |0 689   |a s  |a Kinder 
LOK |0 689   |a s  |a Repression 
LOK |0 689   |a s  |a Historische Analyse 
LOK |0 689   |a g  |a Nordirland 
LOK |0 852   |a DE-21-110 
LOK |0 852 1  |m p  |9 00 
LOK |0 938   |k p 
LOK |0 939   |a 19-03-14  |b l01 
ORI |a SA-MARC-krimdoka001.raw